000 00631cab a2200217 4500
001 ABS57146
008 090401t1997 xxu||||| |||| 00| 0 eng d
035 _a(Sirsi) u79194
041 _aeng
100 _aKirkwood, J.
245 _aInter-what?
260 _c1997
350 _a0
490 _aEstates Gazette
_v(9725) 21 June 1997, 61-62(2)
520 _aProvides a good definition of the internet and discusses how it can be of use to property professionals.
650 _aINTERNET
650 _aWORLD WIDE WEB
690 _aMANAGEMENT-BUSINESS MANAGEMENT-INFORMATION MANAGEMENT
942 _n0
948 _c25/06/1997
999 _c49784
_d49784